[Event "ODJM C 2024"]
[Site "Willingen GER"]
[Date "2024.05.24"]
[Round "8"]
[White "Steinkamp, Matthis"]
[Black "Gehring, Enja"]
[Result "0-1"]
[Termination "normal"]
[Board "26"]
[WhiteElo "1489"]
[BlackElo "1440"]
[WhiteClock "00:39:07"]
[BlackClock "01:07:18"]
[PlyCount "62"]
[WhiteFideId "16287622"]
[BlackFideId "34659803"]
[EventCountry "GER"]
[EventRounds "9"]
[EventType "swiss"]
[EventDate "2024.05.18"]

1. d4 {[%clk 01:30:58]} {[%emt 00:00:01]} d5 {[%clk 01:30:55]} {[%emt
00:00:06]} 2. Nc3 {[%clk 01:31:22]} {[%emt 00:00:05]} Nf6 {[%clk 01:31:15]}
{[%emt 00:00:10]} 3. Bf4 {[%clk 01:31:39]} {[%emt 00:00:13]} e6 {[%clk
01:31:21]} {[%emt 00:00:24]} 4. e3 {[%clk 01:31:48]} {[%emt 00:00:20]} c5
{[%clk 01:31:37]} {[%emt 00:00:16]} 5. Nb5 {[%clk 01:31:34]} {[%emt 00:00:44]}
Na6 {[%clk 01:31:11]} {[%emt 00:00:56]} 6. Nf3 {[%clk 01:31:21]} {[%emt
00:00:42]} Be7 {[%clk 01:29:51]} {[%emt 00:01:50]} 7. c4 {[%clk 01:30:22]}
{[%emt 00:01:29]} O-O {[%clk 01:25:16]} {[%emt 00:05:04]} 8. a3 {[%clk
01:29:47]} {[%emt 00:01:06]} b6 {[%clk 01:25:01]} {[%emt 00:00:45]} 9. b3
{[%clk 01:29:20]} {[%emt 00:00:58]} Nh5 {[%clk 01:23:47]} {[%emt 00:01:43]} 10.
Bg3 {[%clk 01:26:18]} {[%emt 00:03:31]} Nxg3 {[%clk 01:23:48]} {[%emt
00:00:31]} 11. hxg3 {[%clk 01:26:37]} {[%emt 00:00:10]} Nb8 {[%clk 01:22:47]}
{[%emt 00:01:33]} 12. Qd3 {[%clk 01:26:26]} {[%emt 00:00:40]} g6 {[%clk
01:22:55]} {[%emt 00:00:22]} 13. Be2 {[%clk 01:24:38]} {[%emt 00:02:17]} Nd7
{[%clk 01:21:05]} {[%emt 00:02:21]} 14. Nc3 {[%clk 01:14:55]} {[%emt 00:10:13]}
Nf6 {[%clk 01:17:00]} {[%emt 00:04:34]} 15. Ne5 {[%clk 01:14:04]} {[%emt
00:01:21]} Bb7 {[%clk 01:14:58]} {[%emt 00:02:31]} 16. Bf3 {[%clk 01:13:03]}
{[%emt 00:01:31]} Ne4 {[%clk 01:14:10]} {[%emt 00:01:18]} 17. Nxe4 {[%clk
01:12:22]} {[%emt 00:01:11]} dxe4 {[%clk 01:14:32]} {[%emt 00:00:09]} 18. Bxe4
{[%clk 01:12:48]} {[%emt 00:00:04]} Bxe4 {[%clk 01:14:30]} {[%emt 00:00:32]}
19. Qxe4 {[%emt 00:02:10]} Bf6 {[%clk 01:09:05]} {[%emt 00:04:07]} 20. Rd1
{[%clk 01:09:43]} {[%emt 00:03:43]} b5 {[%clk 01:08:44]} {[%emt 00:00:52]} 21.
dxc5 {[%clk 01:09:36]} {[%emt 00:00:37]} Qa5+ {[%clk 01:08:52]} {[%emt
00:00:22]} 22. Ke2 {[%clk 01:07:49]} {[%emt 00:02:16]} bxc4 {[%clk 01:09:01]}
{[%emt 00:00:22]} 23. Nd7 {[%clk 01:05:55]} {[%emt 00:02:24]} Be7 {[%clk
01:08:53]} {[%emt 00:00:37]} 24. Nxf8 {[%clk 01:05:52]} {[%emt 00:00:33]} Rxf8
{[%clk 01:09:12]} {[%emt 00:00:12]} 25. Qe5 {[%clk 01:04:51]} {[%emt 00:01:31]}
cxb3 {[%clk 01:09:13]} {[%emt 00:00:28]} 26. Rxh7 {[%clk 01:05:04]} {[%emt
00:00:17]} Qb5+ {[%clk 01:09:00]} {[%emt 00:00:43]} 27. Kf3 {[%clk 01:05:03]}
{[%emt 00:00:30]} Qc6+ {[%clk 01:08:34]} {[%emt 00:00:57]} 28. e4 {[%clk
01:04:45]} {[%emt 00:00:48]} f6 {[%clk 01:07:29]} {[%emt 00:01:34]} 29. Qf4
{[%clk 00:39:17]} {[%emt 00:25:58]} g5 {[%clk 01:07:45]} {[%emt 00:00:13]} 30.
Qg4 {[%clk 00:39:05]} {[%emt 00:00:42]} f5 {[%clk 01:08:02]} {[%emt 00:00:14]}
31. Qh5 {[%clk 00:39:07]} {[%emt 00:00:27]} Qxe4# {[%clk 01:07:18]} {[%emt
00:00:13]} 0-1

[Event "ODJM C 2024"]
[Site "Willingen GER"]
[Date "2024.05.24"]
[Round "8"]
[White "Winklmann, Alexander"]
[Black "Moissl, Julian"]
[Result "0-1"]
[Termination "normal"]
[Board "27"]
[WhiteElo "1075"]
[BlackElo "1560"]
[WhiteClock "00:14:46"]
[BlackClock "00:13:54"]
[PlyCount "88"]
[WhiteFideId "533001979"]
[BlackFideId "16295129"]
[EventCountry "GER"]
[EventRounds "9"]
[EventType "swiss"]
[EventDate "2024.05.18"]

1. e4 {[%clk 01:30:58]} e5 {[%clk 01:30:57]} {[%emt 00:00:04]} 2. Nf3 {[%emt
00:00:07]} Nc6 {[%clk 01:31:19]} {[%emt 00:00:07]} 3. Bc4 {[%clk 01:31:47]}
{[%emt 00:00:04]} Bc5 {[%clk 01:31:40]} {[%emt 00:00:09]} 4. Nc3 {[%clk
01:27:09]} {[%emt 00:05:08]} Nf6 {[%clk 01:31:34]} {[%emt 00:00:37]} 5. d3
{[%clk 01:27:33]} {[%emt 00:00:06]} h6 {[%clk 01:31:49]} {[%emt 00:00:14]} 6.
Be3 {[%clk 01:27:24]} {[%emt 00:00:39]} Bb6 {[%clk 01:27:47]} {[%emt 00:04:33]}
7. Qd2 {[%clk 01:26:33]} {[%emt 00:01:20]} d6 {[%clk 01:26:29]} {[%emt
00:01:49]} 8. h3 {[%clk 01:26:51]} {[%emt 00:00:12]} Nd4 {[%clk 01:18:54]}
{[%emt 00:08:05]} 9. O-O-O {[%clk 01:24:02]} {[%emt 00:03:19]} Qe7 {[%clk
01:16:56]} {[%emt 00:02:29]} 10. Nd5 {[%clk 01:17:11]} {[%emt 00:07:21]} Nxd5
{[%clk 01:15:14]} {[%emt 00:02:12]} 11. Bxd5 {[%emt 00:00:11]} c6 {[%clk
01:09:55]} {[%emt 00:05:46]} 12. Bc4 {[%clk 01:14:40]} {[%emt 00:03:22]} Nxf3
{[%clk 01:08:51]} {[%emt 00:01:34]} 13. gxf3 {[%clk 01:11:54]} {[%emt
00:03:16]} Bxe3 {[%clk 01:08:26]} {[%emt 00:00:56]} 14. Qxe3 {[%clk 01:12:14]}
{[%emt 00:00:09]} b5 {[%clk 01:04:30]} {[%emt 00:04:26]} 15. Bb3 {[%clk
01:11:05]} {[%emt 00:01:39]} a5 {[%clk 01:04:44]} {[%emt 00:00:17]} 16. a4
{[%clk 01:11:23]} {[%emt 00:00:12]} Be6 {[%clk 01:02:03]} {[%emt 00:03:11]} 17.
Qb6 {[%clk 01:07:30]} {[%emt 00:04:22]} O-O {[%clk 00:59:22]} {[%emt 00:03:13]}
18. Bxe6 {[%clk 01:03:30]} {[%emt 00:04:30]} Qxe6 {[%clk 00:54:01]} {[%emt
00:05:51]} 19. Kb1 {[%clk 01:01:59]} {[%emt 00:02:00]} Qd7 {[%clk 00:49:19]}
{[%emt 00:05:13]} 20. axb5 {[%clk 01:00:17]} {[%emt 00:02:13]} Rfb8 {[%clk
00:40:17]} {[%emt 00:09:31]} 21. bxc6 {[%clk 00:57:54]} {[%emt 00:02:53]} Rxb6
{[%clk 00:38:07]} {[%emt 00:02:41]} 22. cxd7 {[%clk 00:55:33]} {[%emt
00:02:50]} Rd8 {[%clk 00:38:21]} {[%emt 00:00:16]} 23. d4 {[%clk 00:55:53]}
{[%emt 00:00:10]} exd4 {[%clk 00:34:42]} {[%emt 00:04:09]} 24. Rxd4 {[%clk
00:54:41]} {[%emt 00:01:42]} Rxd7 {[%clk 00:34:36]} {[%emt 00:00:36]} 25. e5
{[%clk 00:52:20]} {[%emt 00:02:50]} d5 {[%clk 00:32:29]} {[%emt 00:02:36]} 26.
Rhd1 {[%clk 00:50:15]} {[%emt 00:02:36]} Rb4 {[%clk 00:28:34]} {[%emt
00:04:26]} 27. c4 {[%clk 00:49:24]} {[%emt 00:01:21]} Rdb7 {[%clk 00:27:49]}
{[%emt 00:01:15]} 28. R1d2 {[%clk 00:37:44]} {[%emt 00:12:10]} dxc4 {[%clk
00:26:11]} {[%emt 00:02:08]} 29. Rd8+ {[%clk 00:36:31]} {[%emt 00:01:42]} Kh7
{[%clk 00:26:32]} {[%emt 00:00:09]} 30. Rc8 {[%clk 00:36:52]} {[%emt 00:00:09]}
a4 {[%clk 00:25:00]} {[%emt 00:02:02]} 31. Ka2 {[%clk 00:35:15]} {[%emt
00:02:07]} R7b5 {[%clk 00:20:04]} {[%emt 00:05:26]} 32. f4 {[%clk 00:29:14]}
{[%emt 00:06:31]} c3 {[%clk 00:17:31]} {[%emt 00:03:04]} 33. Rxc3 {[%clk
00:28:30]} {[%emt 00:01:07]} Rxf4 {[%clk 00:17:38]} {[%emt 00:00:30]} 34. Re2
{[%clk 00:23:16]} {[%emt 00:05:43]} Rfb4 {[%clk 00:16:21]} {[%emt 00:01:47]}
35. Ree3 {[%clk 00:20:11]} {[%emt 00:03:36]} Rxb2+ {[%clk 00:16:28]} {[%emt
00:00:23]} 36. Ka3 {[%clk 00:20:15]} {[%emt 00:00:26]} Rxf2 {[%clk 00:16:23]}
{[%emt 00:00:34]} 37. Kxa4 {[%clk 00:20:39]} {[%emt 00:00:06]} Rb6 {[%clk
00:15:47]} {[%emt 00:01:05]} 38. Ka5 {[%clk 00:19:50]} {[%emt 00:01:21]} Re6
{[%clk 00:15:25]} {[%emt 00:00:52]} 39. Kb4 {[%clk 00:19:43]} {[%emt 00:00:36]}
Rf5 {[%clk 00:13:20]} {[%emt 00:02:34]} 40. Rc5 {[%clk 00:15:14]} {[%emt
00:04:59]} f6 {[%clk 00:12:36]} {[%emt 00:01:14]} 41. exf6 {[%clk 00:14:42]}
{[%emt 00:01:02]} Rf4+ {[%clk 00:12:45]} {[%emt 00:00:22]} 42. Rc4 {[%clk
00:13:58]} {[%emt 00:01:15]} Rxc4+ {[%clk 00:13:08]} {[%emt 00:00:06]} 43. Kxc4
{[%clk 00:14:20]} {[%emt 00:00:07]} Rxe3 {[%clk 00:13:33]} {[%emt 00:00:06]}
44. f7 {[%clk 00:14:46]} {[%emt 00:00:04]} Rf3 {[%clk 00:13:54]} {[%emt
00:00:09]} 0-1

[Event "ODJM C 2024"]
[Site "Willingen GER"]
[Date "2024.05.24"]
[Round "8"]
[White "Piotrowski, Jaro"]
[Black "Staudt, Merle"]
[Result "0-1"]
[Termination "normal"]
[Board "28"]
[WhiteElo "1223"]
[BlackElo "1573"]
[WhiteClock "01:09:33"]
[BlackClock "00:50:29"]
[PlyCount "58"]
[WhiteFideId "34664629"]
[BlackFideId "34631151"]
[EventCountry "GER"]
[EventRounds "9"]
[EventType "swiss"]
[EventDate "2024.05.18"]

1. d4 {[%clk 01:30:25]} {[%emt 00:00:35]} d5 {[%clk 01:30:53]} {[%emt
00:00:07]} 2. c4 {[%clk 01:30:07]} {[%emt 00:00:48]} e6 {[%clk 01:30:50]}
{[%emt 00:00:32]} 3. Nc3 {[%clk 01:30:09]} {[%emt 00:00:28]} Nf6 {[%clk
01:30:55]} {[%emt 00:00:26]} 4. Bg5 {[%clk 01:30:23]} {[%emt 00:00:14]} Be7
{[%clk 01:30:50]} {[%emt 00:00:36]} 5. Nf3 {[%clk 01:30:12]} {[%emt 00:00:40]}
O-O {[%clk 01:30:25]} {[%emt 00:00:56]} 6. e3 {[%clk 01:30:08]} {[%emt
00:00:34]} Nbd7 {[%clk 01:29:29]} {[%emt 00:01:26]} 7. Bd3 {[%clk 01:29:57]}
{[%emt 00:00:40]} dxc4 {[%clk 01:28:57]} {[%emt 00:01:03]} 8. Bxc4 {[%clk
01:30:14]} {[%emt 00:00:11]} b6 {[%clk 01:29:03]} {[%emt 00:00:26]} 9. O-O
{[%clk 01:27:47]} {[%emt 00:02:56]} c5 {[%clk 01:29:01]} {[%emt 00:00:33]} 10.
Bb3 {[%clk 01:26:21]} {[%emt 00:01:57]} Bb7 {[%clk 01:26:33]} {[%emt 00:02:57]}
11. Bc2 {[%clk 01:26:15]} {[%emt 00:00:35]} Qc7 {[%clk 01:19:03]} {[%emt
00:08:01]} 12. Nb5 {[%clk 01:23:26]} {[%emt 00:03:18]} Qc6 {[%clk 01:18:58]}
{[%emt 00:00:35]} 13. Qd3 {[%clk 01:23:14]} {[%emt 00:00:43]} a6 {[%clk
01:09:16]} {[%emt 00:10:13]} 14. Na3 {[%clk 01:22:44]} {[%emt 00:00:59]} h6
{[%clk 01:08:35]} {[%emt 00:01:12]} 15. Bxf6 {[%clk 01:22:09]} {[%emt
00:01:04]} Nxf6 {[%clk 01:08:45]} {[%emt 00:00:21]} 16. Nc4 {[%clk 01:22:21]}
{[%emt 00:00:18]} Bd6 {[%clk 01:05:21]} {[%emt 00:03:53]} 17. Nce5 {[%clk
01:22:39]} {[%emt 00:00:12]} Bxe5 {[%clk 01:02:53]} {[%emt 00:02:58]} 18. dxe5
{[%clk 01:23:00]} {[%emt 00:00:09]} Rad8 {[%clk 01:03:14]} {[%emt 00:00:09]}
19. Qc3 {[%clk 01:22:14]} {[%emt 00:01:16]} Ne4 {[%clk 01:00:40]} {[%emt
00:03:03]} 20. Qe1 {[%clk 01:17:21]} {[%emt 00:05:23]} Ng5 {[%clk 00:59:40]}
{[%emt 00:01:30]} 21. Qe2 {[%clk 01:16:56]} {[%emt 00:00:55]} Rd2 {[%clk
00:56:51]} {[%emt 00:03:19]} 22. Bh7+ {[%clk 01:15:26]} {[%emt 00:02:00]} Kh8
{[%clk 00:56:09]} {[%emt 00:01:13]} 23. Qc4 {[%clk 01:09:58]} {[%emt 00:05:57]}
Nxf3+ {[%clk 00:55:55]} {[%emt 00:00:43]} 24. Kh1 {[%clk 01:09:54]} {[%emt
00:00:34]} Kxh7 {[%clk 00:55:20]} {[%emt 00:01:05]} 25. Qg4 {[%clk 01:09:17]}
{[%emt 00:01:08]} Nxe5 {[%clk 00:54:50]} {[%emt 00:00:59]} 26. Qg3 {[%clk
01:09:27]} {[%emt 00:00:21]} Rfd8 {[%clk 00:49:36]} {[%emt 00:05:44]} 27. Rg1
{[%clk 01:09:16]} {[%emt 00:00:41]} Nd3 {[%clk 00:49:50]} {[%emt 00:00:15]} 28.
f3 {[%clk 01:09:08]} {[%emt 00:00:38]} Nf2+ {[%clk 00:50:05]} {[%emt 00:00:15]}
29. Qxf2 {[%clk 01:09:33]} {[%emt 00:00:06]} Rxf2 {[%clk 00:50:29]} {[%emt
00:00:06]} 0-1

[Event "ODJM C 2024"]
[Site "Willingen GER"]
[Date "2024.05.24"]
[Round "8"]
[White "Weidenhöfer, Ben"]
[Black "Wilke, Finja"]
[Result "0-1"]
[Termination "normal"]
[Board "29"]
[WhiteElo "1554"]
[BlackElo "1055"]
[WhiteClock "01:20:35"]
[BlackClock "01:08:55"]
[PlyCount "30"]
[WhiteFideId "16273702"]
[BlackFideId "16288360"]
[EventCountry "GER"]
[EventRounds "9"]
[EventType "swiss"]
[EventDate "2024.05.18"]

1. d4 {[%clk 01:30:58]} {[%emt 00:00:02]} Nf6 {[%clk 01:29:55]} {[%emt
00:01:05]} 2. Bg5 {[%clk 01:31:18]} {[%emt 00:00:10]} d6 {[%clk 01:26:54]}
{[%emt 00:03:30]} 3. e3 {[%clk 01:30:35]} {[%emt 00:01:14]} Nc6 {[%clk
01:26:37]} {[%emt 00:00:47]} 4. Nd2 {[%clk 01:30:24]} {[%emt 00:00:41]} g6
{[%clk 01:24:24]} {[%emt 00:02:42]} 5. Bd3 {[%clk 01:28:28]} {[%emt 00:02:27]}
Bg7 {[%clk 01:23:49]} {[%emt 00:01:05]} 6. c3 {[%clk 01:27:57]} {[%emt
00:01:01]} O-O {[%clk 01:23:27]} {[%emt 00:00:51]} 7. f4 {[%clk 01:28:00]}
{[%emt 00:00:28]} e5 {[%clk 01:22:31]} {[%emt 00:01:25]} 8. fxe5 {[%clk
01:26:51]} {[%emt 00:01:39]} dxe5 {[%clk 01:22:52]} {[%emt 00:00:09]} 9. Ngf3
{[%clk 01:26:39]} {[%emt 00:00:42]} exd4 {[%clk 01:22:11]} {[%emt 00:01:11]}
10. cxd4 {[%clk 01:26:14]} {[%emt 00:00:56]} Bg4 {[%clk 01:20:39]} {[%emt
00:02:01]} 11. O-O {[%clk 01:26:09]} {[%emt 00:00:35]} Qd5 {[%clk 01:19:02]}
{[%emt 00:02:07]} 12. Qe1 {[%clk 01:24:05]} {[%emt 00:02:34]} Bxf3 {[%clk
01:14:39]} {[%emt 00:04:51]} 13. Rxf3 {[%clk 01:23:54]} {[%emt 00:00:42]} Qxg5
{[%clk 01:14:40]} {[%emt 00:00:29]} 14. Rh3 {[%clk 01:21:59]} {[%emt 00:02:26]}
Rfe8 {[%clk 01:10:18]} {[%emt 00:04:51]} 15. Bb5 {[%clk 01:20:35]} {[%emt
00:01:55]} Qxb5 {[%clk 01:08:55]} {[%emt 00:01:54]} 0-1

[Event "ODJM C 2024"]
[Site "Willingen GER"]
[Date "2024.05.24"]
[Round "8"]
[White "Schwarzfischer, Ramona"]
[Black "Arndt, Alex"]
[Result "1-0"]
[Termination "normal"]
[Board "30"]
[WhiteElo "974"]
[BlackElo "1173"]
[WhiteClock "01:06:05"]
[BlackClock "00:45:06"]
[PlyCount "57"]
[WhiteFideId "16268113"]
[BlackFideId "533001847"]
[EventCountry "GER"]
[EventRounds "9"]
[EventType "swiss"]
[EventDate "2024.05.18"]

1. e4 {[%clk 01:30:59]} c6 {[%clk 01:30:14]} {[%emt 00:00:47]} 2. d4 {[%clk
01:30:55]} {[%emt 00:00:33]} d5 {[%clk 01:30:28]} {[%emt 00:00:17]} 3. f3
{[%clk 01:29:26]} {[%emt 00:01:58]} e6 {[%clk 01:30:29]} {[%emt 00:00:29]} 4.
Be3 {[%clk 01:29:05]} {[%emt 00:00:50]} Qb6 {[%clk 01:29:07]} {[%emt 00:01:52]}
5. Qc1 {[%clk 01:26:17]} {[%emt 00:03:17]} c5 {[%clk 01:28:02]} {[%emt
00:01:35]} 6. c3 {[%clk 01:24:01]} {[%emt 00:02:46]} Nc6 {[%clk 01:23:30]}
{[%emt 00:05:02]} 7. Qd2 {[%clk 01:20:53]} {[%emt 00:03:37]} cxd4 {[%clk
01:23:05]} {[%emt 00:00:56]} 8. cxd4 {[%clk 01:18:39]} {[%emt 00:02:44]} Bb4
{[%clk 01:23:07]} {[%emt 00:00:29]} 9. Nc3 {[%clk 01:19:03]} {[%emt 00:00:06]}
dxe4 {[%clk 01:22:24]} {[%emt 00:01:12]} 10. fxe4 {[%clk 01:18:52]} {[%emt
00:00:40]} Qa5 {[%clk 01:22:03]} {[%emt 00:00:52]} 11. Qc2 {[%clk 01:17:28]}
{[%emt 00:01:53]} Bxc3+ {[%clk 01:21:15]} {[%emt 00:01:18]} 12. bxc3 {[%clk
01:17:14]} {[%emt 00:00:44]} Nf6 {[%clk 01:20:08]} {[%emt 00:01:37]} 13. Bd2
{[%clk 01:16:33]} {[%emt 00:01:10]} Qb6 {[%clk 01:18:51]} {[%emt 00:01:48]} 14.
Rb1 {[%clk 01:14:18]} {[%emt 00:02:44]} Qc7 {[%clk 01:18:05]} {[%emt 00:01:17]}
15. Bd3 {[%clk 01:13:49]} {[%emt 00:00:59]} g6 {[%clk 01:14:18]} {[%emt
00:04:17]} 16. Nf3 {[%clk 01:11:43]} {[%emt 00:02:36]} Qd7 {[%clk 01:09:12]}
{[%emt 00:05:36]} 17. O-O {[%clk 01:09:10]} {[%emt 00:03:03]} a6 {[%clk
01:08:07]} {[%emt 00:01:37]} 18. Ng5 {[%clk 01:08:40]} {[%emt 00:00:58]} h6
{[%clk 00:53:07]} {[%emt 00:15:31]} 19. Rxf6 {[%clk 01:07:43]} {[%emt
00:01:27]} hxg5 {[%clk 00:53:26]} {[%emt 00:00:11]} 20. Bxg5 {[%clk 01:07:58]}
{[%emt 00:00:14]} Rh5 {[%clk 00:53:26]} {[%emt 00:00:31]} 21. Be3 {[%clk
01:07:52]} {[%emt 00:00:37]} Ke7 {[%clk 00:53:07]} {[%emt 00:00:48]} 22. Rbf1
{[%clk 01:08:06]} {[%emt 00:00:16]} Nd8 {[%clk 00:51:23]} {[%emt 00:02:14]} 23.
e5 {[%clk 01:07:35]} {[%emt 00:01:00]} Rf5 {[%clk 00:45:40]} {[%emt 00:06:14]}
24. Bxf5 {[%clk 01:07:52]} {[%emt 00:00:13]} exf5 {[%clk 00:46:05]} {[%emt
00:00:05]} 25. Bg5 {[%clk 01:07:46]} {[%emt 00:00:36]} Ne6 {[%clk 00:45:22]}
{[%emt 00:01:12]} 26. Rxg6+ {[%clk 01:06:18]} {[%emt 00:01:58]} Kf8 {[%clk
00:44:44]} {[%emt 00:01:07]} 27. Bh6+ {[%clk 01:05:56]} {[%emt 00:00:52]} Ke8
{[%clk 00:44:57]} {[%emt 00:00:18]} 28. Rg8+ {[%clk 01:06:05]} {[%emt
00:00:21]} Ke7 {[%clk 00:45:06]} {[%emt 00:00:22]} 29. Qxf5 {[%emt 00:03:05]}
1-0